Emilia .mp3 Canciones - Statistics

General Stats
  • This quiz has been taken 46 times
  • The average score is 10 of 13
Answer Stats
Answer % Correct
La_Original.mp3
85%
No_Se_Ve.mp3
83%
Exclusive.mp3
80%
GTA.mp3
75%
Guerrero.mp3
75%
Ojitos_Verdes.mp3
75%
IConic.mp3
73%
A_1000_Km.mp3
70%
Facts.mp3
70%
Jagger.mp3
70%
24_Hs.mp3
68%
JET_Set.mp3
68%
Muñecos.mp3
65%
No matching quizzes found
Score Distribution
Percent of People with Each Score
Percentile by Number Answered
Your Score History
You have not taken this quiz